Все Города Грузии - Statistics

General Stats
  • This quiz has been taken 80 times
  • The average score is 8 of 54
Answer Stats
Регион Город % Correct
Столица Тбилиси
98%
Аджария Батуми
90%
Имеретия Кутаиси
76%
Шида-Картли Гори
52%
Самегрело-ВерхняяСванетия Поти
52%
Квемо-Картли Рустави
43%
Самцхе-Джавахети Боржоми
40%
Самегрело-Верхняя Сванетия Зугдиди
37%
Мцхета-Мтианети Мцхета
25%
Самцхе-Джавахети Ахалкалаки
24%
Аджария Кобулети
19%
Имеретия Зестафони
17%
Кахетия Телави
16%
Самцхе-Джавахети Ахалцихе
16%
Квемо-Картли Марнеули
13%
Гурия Ланчхути
13%
Шида-Картли Хашури
8%
Самегрело-Верхняя Сванетия Сенаки
8%
Гурия Озургети
8%
Самцхе-Джавахети Ниноцминда
8%
Рача-Лечхуми и Нижняя Сванетия Они
8%
Имеретия Самтредия
6%
Квемо-Картли Болниси
6%
Квемо-Картли Гардабани
5%
Кахетия Ахмета
5%
Кахетия Дедоплис-Цкаро
5%
Самегрело-Верхняя Сванетия Хоби
5%
Самегрело-Верхняя Сванетия Цаленджиха
5%
Квемо-Картли Цалка
5%
Квемо-Картли Дманиси
5%
Кахетия Сигнахи
5%
Шида-Картли Каспи
3%
Имеретия Чиатура
3%
Кахетия Сагареджо
3%
Имеретия Цхалтубо
3%
Имеретия Ткибули
3%
Кахетия Кварели
3%
Имеретия Хони
3%
Кахетия Гурджаани
3%
Шида-Картли Карели
3%
Мцхета-Мтианети Душети
3%
Имеретия Сачхере
3%
Кахетия Лагодехи
3%
Имеретия Тержола
3%
Самегрело-Верхняя Сванетия Абаша
3%
Самегрело-Верхняя Сванетия Мартвили
3%
Квемо-Картли Тетри-Цкаро
3%
Имеретия Багдати
3%
Самегрело-Верхняя Сванетия Джвари
3%
Самегрело-Верхняя Сванетия Чхороцку
3%
Самцхе-Джавахети Вале
2%
Кахетия Цнори
2%
Имеретия Вани
2%
Рача-Лечхуми и Нижняя Сванетия Цагери
2%
No matching quizzes found
Score Distribution
Percent of People with Each Score
Percentile by Number Answered
Your Score History
You have not taken this quiz